000 00678nam a2200241Ia 4500
001 34812
005 20240114001747.0
007 ta
008 070302s1888 g b000 u 465 u
040 _aCotton College Assam
041 _a465
082 _a923.2
_bH 414 Au
100 _aDircks, Will H. .
245 0 _aThe Autobiography of Edward Lord Herbert of Cherbury /
_cWill H.Dircks.
_hTextual Documents
250 _a1st ed. /
260 _aNew York :
_bWalter Scott Publishing ,
_c1888.
300 _a183p. ;
_c18cm.
653 _aAutobiography-Edward Lord Herbert
653 _aG-Biography
942 _2ddc
_cBK
999 _c34794
_d34794